00426nam a2200121 4500008004100000100002200041245012600063260000900189300001500198650005100213700002300264773001700287190429b ||||| |||| 00| 0 eng d aMishra, Pragatika aEffects of Deen Dayal Upadhyaya Grameen Kaushalya Yojna (DDU-GKY) on employment and income in Keonjhar district of Odisha c2018 ap.253-263. aDeen Dayal Upadhyaya Grameen Kaushalya Yojana  eJena, Pratap Kumar aProductivity